|
|
|
|
| LEADER |
00000nab a2200000 a 4500 |
| 001 |
vtls000491936 |
| 003 |
SK-MaSNL |
| 005 |
20260426072025.0 |
| 008 |
230120c1993 xo 0 slo |
| 015 |
|
|
|a SNBRB19rr/mm-uuuuu
|
| 035 |
|
|
|a CL0492074
|
| 035 |
|
|
|a urn:nbn:sk:snk-ab2s55
|
| 035 |
|
|
|a (urnnbn)urn:nbn:sk:snk:ar-a02v1s
|
| 035 |
|
|
|a (uuid)7e3f2e5b-1f23-4a87-881f-a6c6a8f95f3b
|
| 040 |
|
|
|a SNKBUCL
|b slo
|c SNKBUCL
|e AACR2
|
| 041 |
0 |
|
|a slo
|
| 044 |
|
|
|a xo
|c SK
|
| 080 |
|
|
|a 338.43(437.6):338.23
|2 1981
|
| 080 |
|
|
|a 338.23
|2 1981
|
| 080 |
|
|
|a 631.15
|2 1981
|
| 245 |
0 |
0 |
|a Zásady agrárnej politiky
|
| 650 |
0 |
7 |
|a politika agrárna
|2 snkbucl
|9 846060
|
| 651 |
|
7 |
|a Slovensko
|2 snkbucl
|9 14231
|
| 655 |
|
7 |
|a články z novín a časopisov
|2 snkbucl
|9 267496
|
| 773 |
0 |
|
|t Agroekonomika
|g Roč. 2, č. 8 (1993), s. 337-338
|x 0323-2670
|
| 850 |
|
|
|a Slovenská národná knižnica v Martine
|a MTA001
|
| 852 |
|
|
|a SNK
|b KIS3GCP
|
| 954 |
|
|
|a odborná, vedecká literatúra pôvodná (slovenská)
|2 lita
|
| 958 |
|
|
|a OND
|
| 958 |
|
|
|a RK
|
| 958 |
|
|
|a EUIPO
|
| 958 |
|
|
|a article27
|
| 992 |
|
|
|a RBX
|
| 999 |
|
|
|c 2684399
|d 2686329
|